[Event "Excelsior March op"]
[Site "Toronto CAN"]
[Date "2024.03.16"]
[Round "3.4"]
[White "Keleberda, Tymur"]
[Black "Kim, Noah"]
[Result "1-0"]
[WhiteElo "2198"]
[BlackElo "2204"]
[WhiteFideId "-1"]
[BlackFideId "-1"]
[PlyCount "121"]
[GameId "2160767740051127"]
[EventDate "2024.03.15"]
[EventType "swiss"]
[EventRounds "5"]
[EventCountry "CAN"]
[TimeControl "90+30"]
[WhiteClock "0:02:59"]
[BlackClock "0:00:35"]

1. e4 {[%emt 0:00:00]} c5 {[%emt 0:00:00]} 2. Nf3 {[%emt 0:00:00]} d6 {[%emt 0:00:00]} 3. c3 {[%emt 0:00:00]} Nf6 {[%emt 0:00:00]} 4. h3 {[%emt 0:00:00]} Nc6 {[%emt 0:00:00]} 5. Bd3 {[%emt 0:00:00]} e5 {[%emt 0:00:00]} 6. Bc2 {[%emt 0:00:00]} g6 {[%emt 0:00:00]} 7. O-O {[%emt 0:00:00]} Bg7 {[%emt 0:00:00]} 8. d4 {[%emt 0:00:00]} cxd4 {[%emt 0:00:00]} 9. cxd4 {[%emt 0:00:00]} exd4 {[%emt 0:00:00]} 10. Nxd4 {[%emt 0:00:00]} O-O {[%emt 0:00:00]} 11. Nxc6 {[%emt 0:00:00]} bxc6 {[%emt 0:00:00]} 12. Qf3 {[%emt 0:00:00]} Qe7 {[%emt 0:00:00]} 13. Nc3 {[%emt 0:00:00]} Rd8 {[%emt 0:00:00]} 14. Bg5 {[%emt 0:00:00]} h6 {[%emt 0:00:00]} 15. Bh4 {[%emt 0:00:00]} Be6 {[%emt 0:00:00]} 16. Rfe1 {[%emt 0:00:00]} Rab8 {[%emt 0:00:00]} 17. Rab1 {[%emt 0:00:00]} g5 {[%emt 0:00:00]} 18. Bg3 {[%emt 0:00:00]} Nd7 {[%emt 0:00:00]} 19. Nd5 {[%emt 0:00:00]} cxd5 {[%emt 0:00:00]} 20. exd5 {[%emt 0:00:00]} Ne5 {[%emt 0:00:00]} 21. Bxe5 {[%emt 0:00:00]} Bxe5 {[%emt 0:00:00]} 22. dxe6 {[%emt 0:00:00]} fxe6 {[%emt 0:00:00]} 23. Qe4 {[%emt 0:00:00]} Qg7 {[%emt 0:00:00]} 24. b4 {[%emt 0:00:00]} Rf8 {[%emt 0:00:00]} 25. g3 {[%emt 0:00:00]} Rf6 {[%emt 0:00:00]} 26. Rf1 {[%emt 0:00:00]} Rbf8 {[%emt 0:00:00]} 27. Kg2 {[%emt 0:00:00]} h5 {[%emt 0:00:00]} 28. Bd1 {[%emt 0:00:00]} h4 {[%emt 0:00:00]} 29. Be2 {[%emt 0:00:00]} Qf7 {[%emt 0:01:51.30]} 30. Qe3 {[%emt 0:00:00]} Qb7+ {[%emt 0:02:34]} 31. Kg1 {[%emt 0:00:00]} hxg3 {[%emt 0:00:54]} 32. fxg3 {[%emt 0:06:13.30]} Rxf1+ {[%emt 0:02:53]} 33. Rxf1 {[%emt 0:03:43]} Rxf1+ {[%emt 0:01:16]} 34. Bxf1 {[%emt 0:00:05]} Qxb4 {[%emt 0:01:03]} 35. Qxg5+ {[%emt 0:00:11]} Kf7 {[%emt 0:01:42]} 36. Qh5+ {[%emt 0:00:33]} Kf8 {[%emt 0:00:31]} 37. Qh6+ {[%emt 0:00:14]} Kf7 {[%emt 0:00:15]} 38. Qh7+ {[%emt 0:00:53]} Kf8 {[%emt 0:00:10]} 39. Qh6+ {[%emt 0:01:02]} Kf7 {[%emt 0:01:18]} 40. Qh5+ {[%emt 0:00:14]} Kf8 {[%emt 0:00:43]} 41. Qf3+ {[%emt 0:00:08]} Ke7 {[%emt 0:00:40]} 42. h4 {[%emt 0:04:00]} Qd4+ {[%emt 0:00:46]} 43. Kg2 {[%emt 0:01:45]} d5 {[%emt 0:01:12]} 44. Kh3 {[%emt 0:00:38]} Bd6 {[%emt 0:01:24]} 45. Bb5 {[%emt 0:01:59]} Qg1 {[%emt 0:03:06]} 46. h5 {[%emt 0:00:44]} Be5 {[%emt 0:01:11]} 47. Bd3 {[%emt 0:01:02]} Qc1 {[%emt 0:00:24]} 48. Bg6 {[%emt 0:00:43]} Bf6 {[%emt 0:00:34]} 49. a4 {[%emt 0:01:06]} a5 {[%emt 0:00:31]} 50. Qb3 {[%emt 0:00:37]} Qf1+ {[%emt 0:00:50]} 51. Kg4 {[%emt 0:00:29]} Qc4+ {[%emt 0:00:31]} 52. Qxc4 {[%emt 0:00:14]} dxc4 {[%emt 0:00:02]} 53. Bc2 {[%emt 0:00:53]} Be5 {[%emt 0:00:58]} 54. h6 {[%emt 0:00:22]} Kf6 {[%emt 0:00:38]} 55. Kh4 {[%emt 0:00:09]} Bc3 {[%emt 0:00:25]} 56. g4 {[%emt 0:00:10]} Bd2 {[%emt 0:00:34]} 57. Kh5 {[%emt 0:00:06]} Be3 {[%emt 0:00:28]} 58. g5+ {[%emt 0:00:12]} Kf7 {[%emt 0:00:20]} 59. g6+ {[%emt 0:00:15]} Kg8 {[%emt 0:00:45]} 60. g7 {[%emt 0:00:14]} Kf7 {[%emt 0:00:26]} 61. Bh7 {[%emt 0:00:07]} 1-0

[Event "Excelsior March op"]
[Site "Toronto CAN"]
[Date "2024.03.17"]
[Round "4.4"]
[White "Stevens, Christian"]
[Black "Keleberda, Tymur"]
[Result "1/2-1/2"]
[WhiteElo "2354"]
[BlackElo "2198"]
[WhiteFideId "-1"]
[BlackFideId "-1"]
[PlyCount "45"]
[GameId "2160767740051135"]
[EventDate "2024.03.15"]
[EventType "swiss"]
[EventRounds "5"]
[EventCountry "CAN"]
[TimeControl "90+30"]
[WhiteClock "0:29:04"]
[BlackClock "1:01:42"]

1. Nf3 {[%emt 0:00:00]} d5 {[%emt 0:00:00]} 2. d4 {[%emt 0:00:00]} Nf6 {[%emt 0:00:00]} 3. Bf4 {[%emt 0:00:00]} e6 {[%emt 0:00:00]} 4. e3 {[%emt 0:00:00]} Bd6 {[%emt 0:00:00]} 5. c3 {[%emt 0:00:00]} O-O {[%emt 0:00:00]} 6. Nbd2 {[%emt 0:00:00]} Bxf4 {[%emt 0:00:00]} 7. exf4 {[%emt 0:00:00]} b6 {[%emt 0:00:00]} 8. Bd3 {[%emt 0:00:00]} Ba6 {[%emt 0:00:00]} 9. Bxa6 {[%emt 0:00:00]} Nxa6 {[%emt 0:00:00]} 10. Qe2 {[%emt 0:00:00]} Nb8 {[%emt 0:00:00]} 11. O-O {[%emt 0:00:00]} c5 {[%emt 0:00:00]} 12. Ne5 {[%emt 0:00:00]} Ne8 {[%emt 0:00:00]} 13. dxc5 {[%emt 0:00:00]} bxc5 {[%emt 0:00:00]} 14. f5 {[%emt 0:00:00]} exf5 {[%emt 0:00:00]} 15. Qf3 {[%emt 0:00:00]} g6 {[%emt 0:00:00]} 16. c4 {[%emt 0:00:00]} Nf6 {[%emt 0:00:00]} 17. cxd5 {[%emt 0:00:00]} Qxd5 {[%emt 0:00:00]} 18. Qxd5 {[%emt 0:00:00]} Nxd5 {[%emt 0:00:00]} 19. Ndc4 {[%emt 0:00:00]} f6 {[%emt 0:00:00]} 20. Nf3 {[%emt 0:00:00]} Rd8 {[%emt 0:00:00]} 21. Rfd1 {[%emt 0:00:00]} Nc6 {[%emt 0:00:00]} 22. Kf1 {[%emt 0:00:00]} Nb6 {[%emt 0:00:00]} 23. Rxd8+ {[%emt 0:00:00]} 1/2-1/2

[Event "Excelsior March op"]
[Site "Toronto CAN"]
[Date "2024.03.17"]
[Round "5.4"]
[White "Keleberda, Tymur"]
[Black "Lu, Tony"]
[Result "1-0"]
[WhiteElo "2198"]
[BlackElo "1855"]
[WhiteFideId "-1"]
[BlackFideId "-1"]
[PlyCount "63"]
[GameId "2160767740231367"]
[EventDate "2024.03.15"]
[EventType "swiss"]
[EventRounds "5"]
[EventCountry "CAN"]
[TimeControl "90+30"]
[WhiteClock "0:53:03"]
[BlackClock "0:34:29"]

1. e4 {[%emt 0:00:00]} e6 {[%emt 0:00:00]} 2. d3 {[%emt 0:00:00]} d5 {[%emt 0:00:00]} 3. Nd2 {[%emt 0:00:00]} Nf6 {[%emt 0:00:00]} 4. g3 {[%emt 0:00:00]} Nc6 {[%emt 0:00:00]} 5. Bg2 {[%emt 0:00:00]} Bc5 {[%emt 0:00:00]} 6. c3 {[%emt 0:00:00]} e5 {[%emt 0:00:00]} 7. Nb3 {[%emt 0:00:00]} Bb6 {[%emt 0:00:00]} 8. exd5 {[%emt 0:00:00]} Nxd5 {[%emt 0:00:00]} 9. Ne2 {[%emt 0:00:00]} a5 {[%emt 0:00:00]} 10. O-O {[%emt 0:00:00]} Bg4 {[%emt 0:00:00]} 11. h3 {[%emt 0:00:00]} Bh5 {[%emt 0:00:00]} 12. g4 {[%emt 0:00:00]} Bg6 {[%emt 0:00:00]} 13. d4 {[%emt 0:00:00]} exd4 {[%emt 0:00:00]} 14. Nexd4 {[%emt 0:00:00]} Nxd4 {[%emt 0:00:00]} 15. Re1+ {[%emt 0:00:00]} Ne6 {[%emt 0:00:00]} 16. Bxd5 {[%emt 0:00:00]} Qf6 {[%emt 0:00:00]} 17. Be3 {[%emt 0:00:00]} Bxe3 {[%emt 0:00:00]} 18. Rxe3 {[%emt 0:00:00]} c6 {[%emt 0:00:00]} 19. Bxe6 {[%emt 0:00:00]} fxe6 {[%emt 0:00:00]} 20. Qd6 {[%emt 0:00:00]} Bf7 {[%emt 0:00:00]} 21. Rae1 {[%emt 0:00:00]} Rd8 {[%emt 0:00:00]} 22. Rxe6+ {[%emt 0:00:00]} Bxe6 {[%emt 0:00:00]} 23. Rxe6+ {[%emt 0:00:00]} Kf7 {[%emt 0:00:00]} 24. Rxf6+ {[%emt 0:00:00]} gxf6 {[%emt 0:00:00]} 25. Qc7+ {[%emt 0:00:00]} Kg6 {[%emt 0:00:00]} 26. Nd4 {[%emt 0:00:00]} h5 {[%emt 0:00:00]} 27. Ne6 {[%emt 0:00:00]} Rdg8 {[%emt 0:00:00]} 28. Nf4+ {[%emt 0:00:00]} Kh6 {[%emt 0:00:00]} 29. Nxh5 {[%emt 0:00:00]} Rg6 {[%emt 0:00:00]} 30. Ng3 {[%emt 0:00:00]} Kg5 {[%emt 0:00:00]} 31. f4+ {[%emt 0:00:00]} Kh4 {[%emt 0:00:00]} 32. Kg2 {[%emt 0:00:00]} 1-0

[Event "Titled Tuesday 2024.03.12 Early"]
[Site "Chess.com INT"]
[Date "2024.03.12"]
[Round "4"]
[White "Navara, David"]
[Black "Keleberda, Tymur"]
[Result "1-0"]
[WhiteElo "2669"]
[BlackElo "2235"]
[WhiteFideId "-1"]
[BlackFideId "-1"]
[PlyCount "61"]
[GameId "2024632203776000"]
[EventDate "2024.03.12"]
[EventType "swiss (blitz)"]
[EventRounds "11"]
[EventCountry "NET"]
[SourceTitle "CBM 219 Extra"]
[Source "ChessBase"]
[SourceDate "2024.05.31"]
[SourceVersion "1"]
[SourceVersionDate "2024.05.31"]
[SourceQuality "1"]

1. d4 Nf6 2. c4 e6 3. Nc3 Bb4 4. e3 b6 5. Nge2 Bb7 6. a3 Be7 7. d5 d6 8. Nf4 Qd7 9. e4 a5 10. Bd3 Na6 11. Bc2 Nc5 12. Be3 e5 13. Bxc5 bxc5 14. Ba4 c6 15. dxc6 Bxc6 16. Bxc6 Qxc6 17. Nfd5 Nxd5 18. Nxd5 Ra7 19. O-O a4 20. b4 axb3 21. Qxb3 O-O 22. Qb5 Qa8 23. Rfb1 Bg5 24. a4 Ra5 25. Qd7 Ra7 26. Qxd6 Rxa4 27. Rxa4 Qxa4 28. Qxc5 Qc2 29. Qxf8+ Kxf8 30. Rb8+ Bd8 31. Rxd8# 1-0

[Event "Titled Tuesday 2024.01.30 Late"]
[Site "Chess.com INT"]
[Date "2024.01.30"]
[Round "4"]
[White "Keleberda, Tymur"]
[Black "Rian, Kapriaga"]
[Result "1-0"]
[WhiteElo "2220"]
[BlackElo "2089"]
[WhiteFideId "-1"]
[BlackFideId "-1"]
[PlyCount "61"]
[GameId "2009437585686528"]
[EventDate "2024.01.30"]
[EventType "swiss (blitz)"]
[EventRounds "11"]
[EventCountry "NET"]
[SourceTitle "EXT 2025"]
[Source "ChessBase"]
[SourceDate "2024.10.14"]
[SourceVersion "1"]
[SourceVersionDate "2024.10.14"]
[SourceQuality "1"]

1. e4 c6 2. d4 d5 3. e5 Bf5 4. h4 h5 5. Bd3 Bxd3 6. Qxd3 e6 7. Bg5 Qa5+ 8. Nd2 Qa6 9. c4 Nd7 10. b3 Bb4 11. Ngf3 Bxd2+ 12. Nxd2 Nh6 13. Bxh6 Rxh6 14. O-O Rg6 15. a4 Rd8 16. a5 dxc4 17. Nxc4 Kf8 18. Qf3 Rg4 19. g3 g6 20. Rfe1 Rxd4 21. Rad1 Rd5 22. Qf4 Kg7 23. Nd6 Rf8 24. Rxd5 cxd5 25. Rc1 Qxa5 26. Nxb7 Qb6 27. Nd6 Qxb3 28. Rc7 Qd1+ 29. Kh2 Nxe5 30. Qxe5+ Kg8 31. Qf6 1-0

[Event "Calgary int."]
[Site "Calgary CAN"]
[Date "2023.12.26"]
[Round "1"]
[White "Keleberda, Tymur"]
[Black "Srinivasan, Hermant"]
[Result "1-0"]
[WhiteElo "2222"]
[BlackElo "2014"]
[WhiteFideId "-1"]
[BlackFideId "-1"]
[PlyCount "139"]
[GameId "2160767906115412"]
[EventDate "2023.12.26"]
[EventType "swiss"]
[EventRounds "9"]
[EventCountry "CAN"]

1. c4 e6 2. g3 d5 3. Bg2 Nf6 4. Nf3 Be7 5. O-O O-O 6. b3 c5 7. cxd5 exd5 8. d4 Nc6 9. dxc5 Bxc5 10. Ba3 Qe7 11. Bxc5 Qxc5 12. a3 a5 13. b4 Qb6 14. bxa5 Rxa5 15. Qd3 g6 16. Nbd2 Bf5 17. Qb3 Rb5 18. Qa4 Re8 19. e3 Rb2 20. Rac1 Bd3 21. Rfd1 Ne4 22. Nxe4 dxe4 23. Nd4 Re5 24. Nxc6 bxc6 25. Rxc6 Qb3 26. Qxb3 Rxb3 27. Bf1 Bxf1 28. Rc8+ Kg7 29. Kxf1 Rf5 30. Kg2 Rxa3 31. Rd2 Re5 32. Rc4 Re7 33. g4 Ra6 34. Rd8 Ra2 35. Rdd4 f5 36. gxf5 gxf5 37. Rc5 Kf6 38. Rd6+ Re6 39. Rdd5 f4 40. Rf5+ Kg7 41. Rxf4 Rg6+ 42. Kh3 Rh6+ 43. Kg3 Rg6+ 44. Kh4 Rh6+ 45. Rh5 Rf6 46. Rxf6 Kxf6 47. Kg3 Ra7 48. Kf4 Re7 49. Rg5 h6 50. Rg2 Re8 51. h4 Kf7 52. Kf5 Ra8 53. Kf4 Ra5 54. Rh2 Ra4 55. Kf5 Rb4 56. Rh1 Rb2 57. Rf1 Rb5+ 58. Kxe4 Rb4+ 59. Ke5 Rxh4 60. f4 Rh3 61. e4 Ra3 62. f5 Ra5+ 63. Kf4 Ra4 64. Rb1 Ra7 65. Rb6 Kg7 66. Ke5 h5 67. Rg6+ Kh7 68. Kf6 Ra4 69. e5 h4 70. Kg5 1-0

[Event "Calgary int."]
[Site "Calgary CAN"]
[Date "2023.12.27"]
[Round "2"]
[White "Doknjas, Neil"]
[Black "Keleberda, Tymur"]
[Result "0-1"]
[WhiteElo "2254"]
[BlackElo "2227"]
[WhiteFideId "-1"]
[BlackFideId "-1"]
[PlyCount "84"]
[GameId "2160767906115421"]
[EventDate "2023.12.26"]
[EventType "swiss"]
[EventRounds "9"]
[EventCountry "CAN"]
[SourceTitle "CBM 218 Extra"]
[Source "ChessBase"]
[SourceDate "2024.03.31"]
[SourceVersion "1"]
[SourceVersionDate "2024.03.31"]
[SourceQuality "1"]

1. e4 c5 2. Nc3 d6 3. d4 cxd4 4. Qxd4 Nc6 5. Qd2 Nf6 6. b3 e6 7. Bb2 Be7 8. O-O-O a6 9. f4 b5 10. g4 b4 11. g5 bxc3 12. Qxc3 Bb7 13. gxf6 Bxf6 14. Qd2 Bxb2+ 15. Kxb2 O-O 16. Ne2 Qh4 17. Nc3 Rfd8 18. Rg1 Rac8 19. Rg5 Ne7 20. Bg2 Ng6 21. Rf1 e5 22. f5 Nf4 23. Rg3 Qxh2 24. Qf2 Qh6 25. Rh1 Qf6 26. Qb6 Rd7 27. Bf1 g6 28. Bxa6 Bxa6 29. Qxa6 Rdc7 30. Rh2 h5 31. fxg6 fxg6 32. Rd2 Rc6 33. Qf1 Rxc3 34. Rxc3 Rxc3 35. Qa6 Rc7 36. Rxd6 Qf7 37. b4 Kg7 38. b5 Ra7 39. Qc6 Qxa2+ 40. Kc1 Qa3+ 41. Kd2 Qb4+ 42. c3 Qb2+ 0-1

[Event "Calgary int."]
[Site "Calgary CAN"]
[Date "2023.12.27"]
[Round "3"]
[White "Keleberda, Tymur"]
[Black "Khodjimatov, Sherzod"]
[Result "0-1"]
[WhiteElo "2227"]
[BlackElo "2131"]
[WhiteFideId "-1"]
[BlackFideId "-1"]
[PlyCount "114"]
[GameId "2160767906115430"]
[EventDate "2023.12.26"]
[EventType "swiss"]
[EventRounds "9"]
[EventCountry "CAN"]
[SourceTitle "CBM 218 Extra"]
[Source "ChessBase"]
[SourceDate "2024.03.31"]
[SourceVersion "1"]
[SourceVersionDate "2024.03.31"]
[SourceQuality "1"]

1. e4 e5 2. Nf3 Nc6 3. Bc4 Nf6 4. d4 exd4 5. e5 d5 6. Bb5 Nd7 7. Bxc6 bxc6 8. Nxd4 Nb8 9. Nc3 Be7 10. O-O O-O 11. Nb3 Nd7 12. f4 a5 13. Nd4 Ra6 14. Nf5 Bc5+ 15. Kh1 Nf6 16. Nh6+ gxh6 17. exf6 Qxf6 18. f5 Re8 19. Qh5 Qxf5 20. Bg5 Qg6 21. Qxh6 Qxh6 22. Bxh6 Bd4 23. Na4 c5 24. Bf4 Rc6 25. h3 Be6 26. Rae1 Rb8 27. Be5 Bxe5 28. Rxe5 Rb4 29. b3 c4 30. Rf2 cxb3 31. axb3 h6 32. Re3 d4 33. Rg3+ Kf8 34. Nb2 Rb5 35. Nd3 Rc3 36. Rgf3 Ke7 37. Rf4 Rxd3 38. cxd3 c5 39. Ra2 Bxb3 40. Ra3 Ke6 41. Rh4 a4 42. Rxh6+ f6 43. Rh8 c4 44. dxc4 Rb7 45. Re8+ Re7 46. Rb8 d3 47. Rbxb3 axb3 48. Rxb3 d2 49. Rb1 Kd6 50. Kh2 Re1 51. Rb6+ Kc7 52. Rxf6 d1=Q 53. c5 Qd4 54. Rf7+ Kc6 55. Rf5 Qg1+ 56. Kg3 Re3+ 57. Rf3 Rxf3+ 0-1

[Event "Calgary int."]
[Site "Calgary CAN"]
[Date "2023.12.28"]
[Round "4"]
[White "Keleberda, Tymur"]
[Black "Haessel, Dale"]
[Result "0-1"]
[WhiteElo "2227"]
[BlackElo "2004"]
[WhiteFideId "-1"]
[BlackFideId "-1"]
[PlyCount "114"]
[GameId "2160767906115437"]
[EventDate "2023.12.26"]
[EventType "swiss"]
[EventRounds "9"]
[EventCountry "CAN"]
[SourceTitle "CBM 218 Extra"]
[Source "ChessBase"]
[SourceDate "2024.03.31"]
[SourceVersion "1"]
[SourceVersionDate "2024.03.31"]
[SourceQuality "1"]

1. e4 e5 2. Nf3 Nc6 3. Bc4 Nf6 4. d4 exd4 5. e5 Ne4 6. Qe2 Nc5 7. O-O Be7 8. Rd1 d6 9. exd6 Qxd6 10. b4 Ne6 11. b5 Na5 12. Ba3 Qd7 13. Bxe6 Qxe6 14. Qd3 Qg6 15. Re1 Be6 16. Qxg6 hxg6 17. Bxe7 Kxe7 18. Nxd4 Rh5 19. a4 Rd8 20. Nxe6 Re5 21. Nd2 Rxe6 22. Rxe6+ Kxe6 23. Re1+ Kd7 24. Kf1 c6 25. Nf3 Nc4 26. bxc6+ Kxc6 27. Re7 Rd7 28. Re8 f6 29. Rc8+ Kd5 30. Nh4 Nb6 31. Rc3 Nxa4 32. Ra3 b5 33. Nxg6 Rc7 34. Nf4+ Kc4 35. Ke2 Nc3+ 36. Kf3 b4 37. Ra6 Kb5 38. Ra1 a5 39. Ne6 Rd7 40. h4 a4 41. h5 a3 42. Kf4 Kc4 43. Kf5 Rd1 44. Rxd1 Nxd1 45. Nxg7 a2 46. f4 a1=Q 47. g3 Ne3+ 48. Kg6 Ng4 49. h6 Nxh6 50. Kxh6 Kc3 51. Kg6 Kxc2 52. Nh5 b3 53. Nxf6 b2 54. f5 b1=Q 55. g4 Qe5 56. Nh5 Qg1 57. Nf6 Qb6 0-1

[Event "Calgary int."]
[Site "Calgary CAN"]
[Date "2023.12.28"]
[Round "5"]
[White "Findlay, Ian"]
[Black "Keleberda, Tymur"]
[Result "1/2-1/2"]
[WhiteElo "2126"]
[BlackElo "2227"]
[WhiteFideId "-1"]
[BlackFideId "-1"]
[PlyCount "56"]
[GameId "2160767906115444"]
[EventDate "2023.12.26"]
[EventType "swiss"]
[EventRounds "9"]
[EventCountry "CAN"]
[SourceTitle "CBM 218 Extra"]
[Source "ChessBase"]
[SourceDate "2024.03.31"]
[SourceVersion "1"]
[SourceVersionDate "2024.03.31"]
[SourceQuality "1"]

1. e4 c5 2. Nf3 d6 3. d4 cxd4 4. Nxd4 Nf6 5. Nc3 a6 6. Be2 e5 7. Nb3 Be7 8. O-O O-O 9. Qd3 Be6 10. Be3 Nbd7 11. Nd5 Bxd5 12. exd5 Ne8 13. Bg4 Ndf6 14. Bh3 b5 15. c4 Nc7 16. Rfd1 a5 17. a4 bxc4 18. Qxc4 Qb8 19. Rac1 Bd8 20. g3 Qb7 21. Bg2 Na6 22. Qc6 Qxc6 23. Rxc6 Nb4 24. Rxd6 Bc7 25. Rxf6 gxf6 26. d6 Rad8 27. Bc5 Na6 28. Ba3 Nb4 1/2-1/2

[Event "Calgary int."]
[Site "Calgary CAN"]
[Date "2023.12.29"]
[Round "6"]
[White "Tolentino, Patrick Angelo"]
[Black "Keleberda, Tymur"]
[Result "0-1"]
[WhiteElo "2102"]
[BlackElo "2227"]
[WhiteFideId "-1"]
[BlackFideId "-1"]
[PlyCount "56"]
[GameId "2160767906115457"]
[EventDate "2023.12.26"]
[EventType "swiss"]
[EventRounds "9"]
[EventCountry "CAN"]
[SourceTitle "CBM 218 Extra"]
[Source "ChessBase"]
[SourceDate "2024.03.31"]
[SourceVersion "1"]
[SourceVersionDate "2024.03.31"]
[SourceQuality "1"]

1. d4 Nf6 2. c4 e6 3. Nf3 d5 4. Nc3 Be7 5. Bf4 Nbd7 6. e3 O-O 7. c5 c6 8. b4 b6 9. h4 a5 10. a3 Ba6 11. Bxa6 Rxa6 12. b5 cxb5 13. c6 Qc8 14. c7 Bxa3 15. Nxb5 Bb4+ 16. Ke2 Ra8 17. Qd3 Ne4 18. Ng5 e5 19. dxe5 Ndc5 20. Qxd5 Qa6 21. Nxe4 Qxb5+ 22. Kf3 Rac8 23. Nxc5 bxc5 24. e6 Rxc7 25. Kg3 fxe6 26. Qxe6+ Rcf7 27. h5 c4 28. Be5 Re8 0-1

[Event "Calgary int."]
[Site "Calgary CAN"]
[Date "2023.12.29"]
[Round "7"]
[White "Keleberda, Tymur"]
[Black "Nunez Asencio, Jorge"]
[Result "1/2-1/2"]
[WhiteElo "2227"]
[BlackElo "2266"]
[WhiteFideId "-1"]
[BlackFideId "-1"]
[PlyCount "73"]
[GameId "2160767906115462"]
[EventDate "2023.12.26"]
[EventType "swiss"]
[EventRounds "9"]
[EventCountry "CAN"]
[SourceTitle "CBM 218 Extra"]
[Source "ChessBase"]
[SourceDate "2024.03.31"]
[SourceVersion "1"]
[SourceVersionDate "2024.03.31"]
[SourceQuality "1"]

1. e4 c5 2. Nf3 Nc6 3. Bb5 Nf6 4. Qe2 Qc7 5. c3 a6 6. Ba4 e6 7. O-O d5 8. Bxc6+ Qxc6 9. e5 Ng8 10. d4 Ne7 11. dxc5 Qxc5 12. Nbd2 Bd7 13. a4 Rc8 14. Nd4 Nc6 15. Nxc6 Qxc6 16. Re1 Be7 17. Nf3 Qc4 18. Qd1 O-O 19. Bg5 f6 20. exf6 Bxf6 21. Ne5 Bxe5 22. Rxe5 Rf5 23. Rxf5 exf5 24. Be3 Re8 25. h3 f4 26. Bd4 Qe2 27. Qb3 Bc6 28. Qb6 Qe7 29. f3 Qd7 30. b4 Re6 31. Qa7 Re8 32. Qb6 Re6 33. Qa7 Re8 34. a5 h6 35. Bf2 Qf5 36. Qd4 Re6 37. Kh2 1/2-1/2

[Event "Calgary int."]
[Site "Calgary CAN"]
[Date "2023.12.30"]
[Round "8"]
[White "Komarov, Dimitri"]
[Black "Keleberda, Tymur"]
[Result "1-0"]
[WhiteElo "2455"]
[BlackElo "2227"]
[WhiteFideId "-1"]
[BlackFideId "-1"]
[PlyCount "57"]
[GameId "2160767906115470"]
[EventDate "2023.12.26"]
[EventType "swiss"]
[EventRounds "9"]
[EventCountry "CAN"]
[SourceTitle "CBM 218 Extra"]
[Source "ChessBase"]
[SourceDate "2024.03.31"]
[SourceVersion "1"]
[SourceVersionDate "2024.03.31"]
[SourceQuality "1"]

1. d4 Nf6 2. c4 e6 3. Nf3 d5 4. Bg5 Be7 5. e3 h6 6. Bh4 O-O 7. Nc3 Nbd7 8. Qc2 c5 9. dxc5 dxc4 10. Bxc4 Bxc5 11. O-O a6 12. Rfd1 b5 13. Be2 Qb6 14. a4 b4 15. a5 Qa7 16. Na4 Be7 17. Nd4 Bb7 18. Bxf6 Nxf6 19. Nb6 Rab8 20. Nc6 Bxc6 21. Qxc6 Rfd8 22. h3 Kh8 23. Rac1 Rxd1+ 24. Rxd1 Bd8 25. Rc1 Be7 26. Rd1 Bd8 27. Nd7 Nxd7 28. Rxd7 Qa8 29. Qd6 1-0

[Event "Calgary int."]
[Site "Calgary CAN"]
[Date "2023.12.30"]
[Round "9"]
[White "Keleberda, Tymur"]
[Black "Wu, Jonathan"]
[Result "1-0"]
[WhiteElo "2227"]
[BlackElo "2015"]
[WhiteFideId "-1"]
[BlackFideId "-1"]
[PlyCount "89"]
[GameId "2160767906115479"]
[EventDate "2023.12.26"]
[EventType "swiss"]
[EventRounds "9"]
[EventCountry "CAN"]
[SourceTitle "CBM 218 Extra"]
[Source "ChessBase"]
[SourceDate "2024.03.31"]
[SourceVersion "1"]
[SourceVersionDate "2024.03.31"]
[SourceQuality "1"]

1. e4 c5 2. Nf3 d6 3. c3 Nf6 4. h3 Nc6 5. Bd3 e5 6. Bc2 g6 7. O-O Bg7 8. d4 cxd4 9. cxd4 exd4 10. Nxd4 O-O 11. Nc3 Nxe4 12. Nxc6 Nxc3 13. Nxd8 Nxd1 14. Nxf7 Rxf7 15. Rxd1 Be6 16. Rxd6 Bc4 17. Be4 Re8 18. f3 a5 19. a4 Be5 20. Rd2 Kg7 21. g4 g5 22. Ra3 h6 23. Rc2 Ba6 24. Bd2 Rd8 25. Kg2 b6 26. Rb3 Bd4 27. Bc3 Bxc3 28. Rbxc3 Rfd7 29. Rc6 Rd6 30. Kg3 Kf6 31. h4 Ke5 32. hxg5 hxg5 33. Rxd6 Rxd6 34. Rc7 Bd3 35. Bxd3 Rxd3 36. Rc6 Rb3 37. Rg6 Rxb2 38. Rxg5+ Kf6 39. Rf5+ Kg6 40. Rd5 Rb4 41. f4 Rxa4 42. Rd6+ Kf7 43. Rxb6 Rb4 44. Ra6 a4 45. f5 1-0

[Event "Titled Tuesday 2023.12.19 Late"]
[Site "chess.com INT"]
[Date "2023.12.19"]
[Round "9"]
[White "Gunduz, Umut Erdem"]
[Black "Keleberda, Tymur"]
[Result "0-1"]
[WhiteElo "2318"]
[BlackElo "2222"]
[WhiteFideId "-1"]
[BlackFideId "-1"]
[PlyCount "58"]
[GameId "2130307549925646"]
[EventDate "2023.12.19"]
[EventType "swiss (blitz)"]
[EventRounds "11"]
[EventCountry "NET"]
[SourceTitle "The Week in Chess 1520"]
[Source "Mark Crowther"]
[SourceDate "2023.12.24"]
[SourceVersion "1"]
[SourceVersionDate "2023.12.24"]
[SourceQuality "2"]

1. e4 c5 2. Nf3 d6 3. d4 cxd4 4. Nxd4 Nf6 5. Nc3 a6 6. Bg5 e6 7. f4 Nbd7 8. Qf3 h6 9. Bh4 e5 10. Nf5 exf4 11. O-O-O g5 12. Nxd6+ Bxd6 13. Rxd6 Qe7 14. Rd2 Ne5 15. Qf2 Be6 16. Nd5 Bxd5 17. exd5 Nfg4 18. Qd4 gxh4 19. d6 Qe6 20. h3 Nf6 21. Bc4 Nxc4 22. d7+ Ke7 23. Qc5+ Nd6 24. Kd1 Nfe4 25. d8=Q+ Rhxd8 26. Qc7+ Rd7 27. Qb6 Nxd2 28. Re1 N6e4 29. Kc1 Qxb6 0-1

[Event "Titled Tuesday 2023.12.05 Late"]
[Site "chess.com INT"]
[Date "2023.12.05"]
[Round "6"]
[White "Urazayev, Arystanbek"]
[Black "Keleberda, Tymur"]
[Result "1-0"]
[WhiteElo "2472"]
[BlackElo "2222"]
[WhiteFideId "-1"]
[BlackFideId "-1"]
[PlyCount "137"]
[GameId "2130307550443422"]
[EventDate "2023.12.05"]
[EventType "swiss (blitz)"]
[EventRounds "11"]
[EventCountry "NET"]
[SourceTitle "The Week in Chess 1518"]
[Source "Mark Crowther"]
[SourceDate "2023.12.11"]
[SourceVersion "1"]
[SourceVersionDate "2023.12.11"]
[SourceQuality "2"]

1. d4 Nf6 2. c4 e6 3. Nc3 Bb4 4. e3 b6 5. Nge2 Ne4 6. Bd2 Nxd2 7. Qxd2 Bb7 8. a3 Be7 9. Ng3 h5 10. h3 h4 11. Nge2 d6 12. Nf4 Nd7 13. d5 e5 14. Nd3 Bg5 15. Be2 O-O 16. Qc2 f5 17. e4 g6 18. O-O Nf6 19. exf5 gxf5 20. f4 exf4 21. Nxf4 Bc8 22. Ne6 Be3+ 23. Kh1 Bxe6 24. dxe6 f4 25. Qg6+ Kh8 26. Nd5 Nxd5 27. Qh5+ Kg7 28. cxd5 Qf6 29. Rac1 c5 30. Rc3 Qg6 31. Qxh4 Rf6 32. Bh5 Qe4 33. Qg5+ Rg6 34. Bxg6 Qxg6 35. Qe7+ Kh6 36. Qh4+ Kg7 37. Rxf4 Qb1+ 38. Kh2 Qg1+ 39. Kg3 Qe1+ 40. Kf3 Qxh4 41. Rxh4 Bd4 42. Rxd4 cxd4 43. Rc7+ Kf6 44. Ke4 Rg8 45. Rf7+ Kg6 46. Kxd4 Rc8 47. Rxa7 Rc1 48. Rd7 Rd1+ 49. Kc4 Rc1+ 50. Kb4 Rd1 51. Rxd6 Kf6 52. Rd7 Rd2 53. e7 Kf7 54. d6 Rxd6 55. Rxd6 Kxe7 56. Rxb6 Kd7 57. a4 Kc7 58. a5 Kc8 59. h4 Kc7 60. h5 Kd7 61. h6 Ke7 62. g4 Kf7 63. g5 Ke7 64. g6 Kd7 65. h7 Kd8 66. h8=Q+ Kc7 67. Qg7+ Kc8 68. Qf7 Kd8 69. Rb8# 1-0